Technology and Innovation Management/ Introduction to Innovation (Record no. 350326)

000 -LEADER
fixed length control field 00548nam a22001817a 4500
003 - CONTROL NUMBER IDENTIFIER
control field OSt
005 - DATE AND TIME OF LATEST TRANSACTION
control field 20180116183012.0
008 - FIXED-LENGTH DATA ELEMENTS--GENERAL INFORMATION
fixed length control field 150910b xxu||||| |||| 00| 0 eng d
020 ## - INTERNATIONAL STANDARD BOOK NUMBER
International Standard Book Number 9781121109247
040 ## - CATALOGING SOURCE
Transcribing agency 0
082 ## - DEWEY DECIMAL CLASSIFICATION NUMBER
Classification number 658.514 KIL 2011
100 ## - MAIN ENTRY--PERSONAL NAME
Personal name Catherine Killen and Peter Dalmaris
245 ## - TITLE STATEMENT
Title Technology and Innovation Management/ Introduction to Innovation
260 ## - PUBLICATION, DISTRIBUTION, ETC.
Place of publication, distribution, etc. Australia
Name of publisher, distributor, etc. Mc Graw Hill
Date of publication, distribution, etc. 2011
300 ## - PHYSICAL DESCRIPTION
Extent 405 P.
Other physical details PB
440 ## - SERIES STATEMENT/ADDED ENTRY--TITLE
Title Technology and Innovation Management/ Introduction to Innovation
942 ## - ADDED ENTRY ELEMENTS (KOHA)
Source of classification or shelving scheme
Koha item type Book
Holdings
Withdrawn status Lost status Source of classification or shelving scheme Damaged status Not for loan Collection code Permanent Location Current Location Shelving location Date acquired Total Checkouts Full call number Barcode Date last seen Price effective from Koha item type
            Central Library (CL) Central Library (CL) General Stacks 09/10/2015   658.514 KIL 2011 NBS9443 09/10/2015 09/10/2015 Book
© 2023 Central Library, National University of Sciences and Technology. All Rights Reserved.